| 000 | 00599nam a2200193 a 4500 | ||
|---|---|---|---|
| 001 | 152 | ||
| 003 | CDMR | ||
| 005 | 20260515062531.0 | ||
| 008 | 130130s1983||||||||||||||||||||||||||||d | ||
| 020 | _a8486153131 | ||
| 040 |
_aCDMR _bcat _cCDMR |
||
| 100 | 1 |
_aFontcuberta, Mar de _9118 |
|
| 245 | 1 | 0 |
_aAlternativas en comunicación _b: [crítica de experiencias y teorías] _cMar de Fontcuberta, J.L. Gómez Mompart |
| 260 |
_aBarcelona _c1983 _bMitre |
||
| 300 | _a141 p. | ||
| 650 | 0 | 0 |
_aMitjans de comunicació de massa alternatius _94203 |
| 700 | 1 |
_91072 _aGómez Mompart, Josep Lluís |
|
| 942 |
_cMON _2udc |
||
| 999 |
_c152 _d152 |
||